[Event "Cheliabinsk-ch"]
[Site "Cheliabinsk"]
[Date "2011.03.06"]
[Round "9"]
[White "Berejnoi, Vladimir"]
[Black "Baigildin, Albert"]
[Result "0-1"]
[WhiteElo "2202"]
[BlackElo "2077"]
[PlyCount "74"]
[EventDate "2011.02.26"]
[EventType "swiss"]
[EventRounds "9"]
[EventCountry "RUS"]
[SourceTitle "CBM 141 Extra"]
[Source "ChessBase"]
[SourceDate "2011.05.03"]
[SourceVersion "1"]
[SourceVersionDate "2011.05.03"]
[SourceQuality "1"]

1. e4 e5 2. Nf3 Nc6 3. Bb5 a6 4. Ba4 Nf6 5. 0-0 Bc5 6. c3 b5 7. Bb3 d6 8. d4 Bb6 9. h3 0-0 10. Be3 Bb7 11. Nbd2 Re8 12. Re1 h6 13. dxe5 Bxe3 14. Rxe3 Nxe5 15. Nxe5 dxe5 16. Qe2 c5 17. Rd1 Qb6 18. Nf3 c4 19. Bc2 Qc5 20. Nh4 g6 21. Rg3 Rad8 22. Rxd8 Rxd8 23. Qf3 Qb6 24. Nf5 Kh7 25. Ne3 Qe6 26. b3 Rd2 27. bxc4 bxc4 28. Kh2 Nh5 29. Rg4 Qf6 30. Kg1 Qxf3 31. gxf3 Nf4 32. Kf1 Bc8 33. Rg3 Be6 34. h4 Nd3 35. Bxd3 cxd3 36. a3 Ra2 37. Ke1 Bb3 0-1

[Event "Cheliabinsk-ch HL op"]
[Site "Cheliabinsk"]
[Date "2010.01.??"]
[Round "9"]
[White "Berejnoi, Vladimir"]
[Black "Kholopov, Alexander A"]
[Result "0-1"]
[WhiteElo "2194"]
[BlackElo "2303"]
[PlyCount "77"]
[EventDate "2010.01.??"]
[EventType "swiss"]
[EventRounds "9"]
[EventCountry "RUS"]
[SourceTitle "CBM 134 Extra"]
[Source "ChessBase"]
[SourceDate "2010.03.03"]
[SourceVersion "1"]
[SourceVersionDate "2010.03.03"]
[SourceQuality "1"]

1. e4 g6 2. d4 d6 3. Nc3 Bg7 4. Be3 a6 5. Qd2 b5 6. Bd3 Nd7 7. f4 c5 8. Nf3 cxd4 9. Bxd4 Bxd4 10. Nxd4 Qb6 11. Be2 Ngf6 12. Bf3 e5 13. Nde2 Bb7 14. 0-0-0 b4 15. Na4 Qb5 16. b3 Bxe4 17. Qxd6 Bxf3 18. gxf3 Rc8 19. Rhe1 Rc6 20. Qd2 0-0 21. fxe5 Qxe5 22. Nd4 Qc7 23. Nxc6 Qxc6 24. Qxb4 Rc8 25. c4 Qxf3 26. Qc3 Qc6 27. Qd4 Qg2 28. Rd2 Qg5 29. Nb6 Nxb6 30. Qxb6 a5 31. Qe3 Qh4 32. Qd4 Qxe1+ 33. Rd1 Qe7 34. Kb2 a4 35. Qd6 Qxd6 36. Rxd6 Ne4 37. Rd4 f5 38. b4 Kf7 39. Ka3 0-1

[Event "Cheliabinsk Region-ch"]
[Site "Cheliabinsk"]
[Date "2008.03.04"]
[Round "4"]
[White "Berejnoi, Vladimir"]
[Black "Tangatarov, Timur"]
[Result "1-0"]
[WhiteElo "2221"]
[BlackElo "2090"]
[PlyCount "69"]
[EventDate "2008.03.01"]
[EventType "swiss"]
[EventRounds "9"]
[EventCountry "RUS"]
[SourceTitle "CBM 123 Extra"]
[Source "ChessBase"]
[SourceDate "2008.05.06"]
[SourceVersion "1"]
[SourceVersionDate "2008.05.06"]
[SourceQuality "1"]

1. e4 c5 2. Nf3 d6 3. d4 cxd4 4. Nxd4 Nf6 5. Nc3 a6 6. h3 e5 7. Nde2 Be6 8. g4 Be7 9. Bg2 Nc6 10. Ng3 Rc8 11. Nf5 0-0 12. Be3 Qc7 13. g5 Ne8 14. Nd5 Bxd5 15. exd5 Nb8 16. Qg4 Bd8 17. h4 Qd7 18. c3 Kh8 19. Bh3 Qb5 20. 0-0-0 Rc4 21. Qh5 Ba5 22. Bf1 Bxc3 23. b3 Qa5 24. Bxc4 Qxa2 25. Qe2 Qa1+ 26. Kc2 Qb2+ 27. Kd3 e4+ 28. Kxe4 Bd2 29. Bd4 Nf6+ 30. gxf6 Re8+ 31. Ne7 Qc2+ 32. Bd3 Rxe7+ 33. fxe7 f5+ 34. Kf3 Qxd3+ 35. Qxd3 1-0